header

Renouncing the world yet leading the church (Record no. 157440)

MARC details
000 -LEADER
fixed length control field 01499nam a22003374a 4500
082 04 - DEWEY DECIMAL CLASSIFICATION NUMBER
Classification number 262/.12/09015
100 1# - MAIN ENTRY--AUTHOR NAME
Personal name Sterk, Andrea.
245 10 - TITLE STATEMENT
Title Renouncing the world yet leading the church
260 ## - PUBLICATION, DISTRIBUTION, ETC. (IMPRINT)
Place of publication Cambridge, Mass. :
Name of publisher Harvard University Press,
Year of publication 2004.
300 ## - PHYSICAL DESCRIPTION
Number of Pages viii, 360 p.
650 #0 - SUBJECT ADDED ENTRY--TOPICAL TERM
Topical Term Leadership
Topical Term Asceticism
856 40 - ELECTRONIC LOCATION AND ACCESS
Uniform Resource Identifier http://site.ebrary.com/lib/rucke/Doc?id=10328815

No items available.

© 2026 Rongo University
Contact us: librarian | system librarian | Rongo university